Markings
Furkejuvvon:
| Váldodahkki: | |
|---|---|
| Materiálatiipa: | Girji |
| Giella: | eaŋgalasgiella |
| Almmustuhtton: |
Nueva York
Alfred A. Knopf
1964
|
| Fáttát: | |
| Fáddágilkorat: |
Lasit fáddágilkoriid
Eai fáddágilkorat, Lasit vuosttaš fáddágilkora!
|
MARC
| LEADER | 00000nam a2200000 a 4500 | ||
|---|---|---|---|
| 001 | UCX6683 | ||
| 003 | CL-VaPUC | ||
| 008 | 930805e19640000US |||||||||||||||||eng|d | ||
| 082 | 0 | 4 | |a 839.7 |b HAM |2 21 |
| 100 | 0 | |a Hammarskjold, Dag |e author |9 323295 | |
| 245 | 1 | 0 | |a Markings |
| 300 | |a 221 p | ||
| 942 | |c BK | ||
| 945 | |d 19930805 00:00:00 | ||
| 260 | |a Nueva York |b Alfred A. Knopf |c 1964 | ||
| 650 | 7 | |a POESIAS SUECAS |2 CL-VaPUC |9 323296 | |
| 583 | |a last modification |c 19930805 00:00:00 |k Rodrigo Vera | ||
| 999 | |c 226667 |d 226665 | ||
| 952 | |0 0 |1 0 |4 0 |6 839_700000000000000_HAM_1964 |7 0 |8 A |9 225194 |a BIBEDU |b BIBEDU |d 2019-11-15 |i 2938987 |o 839.7 HAM 1964 |p 2938987 |r 2019-11-15 |w 2019-11-15 |y BK |k LIT | ||